Maiores Países Campeões da Copa Libertadores - Statistics

Estatísticas Gerais
  • Esse quiz foi jogado 105 vezes
  • A pontuação média é 8 de 9
Estatísticas das Respostas
País Títulos Vices % Correto
Argentina 25 13
100%
Brasil 23 18
100%
Chile 1 5
98%
Uruguai 8 8
98%
Colômbia 3 7
97%
Paraguai 3 5
94%
Peru 0 2
92%
Equador 1 3
90%
México 0 3
51%
Nenhum quiz correspondente encontrado
Distribuição das Pontuações
Porcentagem de Pessoas com Cada Pontuação
Percentil de Números Respondidos
Sua Pontuação Histórica
Você não jogou esse quiz